00533nam a2200193 a 4500001001300000003000900013005001700022008004100039020001000080082001600090100002700106245004600133260003200179300000900211500003500220505004200255650001500297700002700312nice12345678IN_TiNIC20260116013016.0050524s0000 teha grp 000 0 eng  ac10000a297.64bMOO aMoosvi, S Ali Mohammad aGlimpses of Administration of Hazrat Ali. aTehranbNo Publisher c0000 a32p. aincludes index and biblioraphy2 aacc no.1113,vision press ltd, london. aAli-Caliph1 aMoosvi, S Ali Mohammad